Fleet that Jack built: nine men who made a modern navy (Record no. 370824)

000 -LEADER
fixed length control field 00361cam a22001217a 4500
008 - FIXED-LENGTH DATA ELEMENTS--GENERAL INFORMATION
fixed length control field 180718b1962 xxu||||| |||| 00| 0 eng d
082 ## - DEWEY DECIMAL CLASSIFICATION NUMBER
Classification number N14x42 J239
100 ## - MAIN ENTRY--PERSONAL NAME
Personal name Jameson, William
245 ## - TITLE STATEMENT
Title Fleet that Jack built: nine men who made a modern navy
Statement of responsibility, etc. by William. Jameson
260 ## - PUBLICATION, DISTRIBUTION, ETC.
Place of publication, distribution, etc. London
Name of publisher, distributor, etc. Hard-Davis
Date of publication, distribution, etc. 1962
300 ## - PHYSICAL DESCRIPTION
Extent 344p.
650 ## - SUBJECT ADDED ENTRY--TOPICAL TERM
Topical term or geographic name entry element Navy - History - UK
Holdings
Withdrawn status Lost status Damaged status Not for loan Permanent Location Current Location Date acquired Full call number Barcode Date last seen Price effective from Koha item type
        Indian Institute of Public Administration Indian Institute of Public Administration 1994-06-07 N14x42 J239 31096 2018-07-21 2018-07-21 Book

Powered by Koha